[Event "3rd Memorial Warakomska 2019"]
[Site "Suwalki"]
[Date "2019.08.09"]
[Round "6.33"]
[White "Czerw, Dawid"]
[Black "Hoffmann, Yair"]
[Result "1/2-1/2"]
[WhiteElo "2326"]
[BlackElo "2099"]
[Annotator "NA"]
[PlyCount "86"]
[EventDate "2019.08.05"]
[EventType "swiss"]
[EventCountry "POL"]
[SourceTitle "playchess.com"]
[Source "ChessBase"]
[SourceQuality "1"]
[TimeControl "40/5400+30:1800+30"]

1. d4 {[%emt 0:00:00]} d5 {[%emt 0:00:00]} 2. c4 {[%emt 0:00:00]} c6 {[%emt 0:00:00]} 3. Nf3 {[%emt 0:00:00]} Nf6 {[%emt 0:00:00]} 4. e3 {[%emt 0:00:00]} e6 {[%emt 0:00:00]} 5. b3 {[%emt 0:00:00]} b6 {[%emt 0:00:44]} 6. Bd3 {[%emt 0:00:14]} Bb7 {[%emt 0:00:09]} 7. O-O {[%emt 0:00:22]} Nbd7 {[%emt 0:00:36]} 8. Nbd2 {[%emt 0:03:59]} Bd6 {[%emt 0:00:27]} 9. Bb2 {[%emt 0:00:37]} O-O {[%emt 0:00:11]} 10. Ne5 {[%emt 0:02:04]} c5 {[%emt 0:00:39]} 11. Qc2 {[%emt 0:05:52]} cxd4 {[%emt 0:07:21]} 12. exd4 {[%emt 0:00:39]} Rc8 {[%emt 0:01:15]} 13. a4 {[%emt 0:08:39]} h6 {[%emt 0:03:34]} 14. Qd1 {[%emt 0:13:16]} dxc4 {[%emt 0:04:34]} 15. Ndxc4 {[%emt 0:00:44]} Be7 {[%emt 0:00:50]} 16. Qe2 {[%emt 0:05:40]} Nb8 {[%emt 0:10:30]} 17. Rad1 {[%emt 0:03:57]} Nc6 {[%emt 0:03:14]} 18. Bb1 {[%emt 0:03:08]} Na5 {[%emt 0:04:51]} 19. Nxa5 {[%emt 0:03:15]} bxa5 {[%emt 0:00:10]} 20. Nc4 {[%emt 0:02:24]} Ba6 {[%emt 0:08:25]} 21. Rc1 {[%emt 0:08:13]} Nd5 {[%emt 0:04:27]} 22. f4 {[%emt 0:06:10]} Rb8 {[%emt 0:03:44]} 23. Rf3 {[%emt 0:03:14]} Bf6 {[%emt 0:03:24]} 24. Qe4 {[%emt 0:06:28]} g6 {[%emt 0:00:06]} 25. Ne5 {[%emt 0:01:21]} Ne7 {[%emt 0:01:13]} 26. Rh3 {[%emt 0:14:12]} Bb7 {[%emt 0:01:28]} 27. Qe2 {[%emt 0:00:57]} Bg7 {[%emt 0:01:19]} 28. Rd1 {[%emt 0:03:07]} Bd5 {[%emt 0:05:05]} 29. Bc2 {[%emt 0:00:43]} Qd6 {[%emt 0:05:30]} 30. Qd2 {[%emt 0:02:25]} Rfc8 {[%emt 0:01:31]} 31. Rc1 {[%emt 0:00:37]} Qb6 {[%emt 0:01:00]} 32. Ba3 {[%emt 0:01:34]} Nf5 {[%emt 0:03:10]} 33. Bc5 {[%emt 0:00:16]} Rxc5 {[%emt 0:01:11]} 34. dxc5 {[%emt 0:00:10]} Qxc5+ {[%emt 0:00:05]} 35. Kh1 {[%emt 0:00:45]} Rc8 {[%emt 0:00:08]} 36. Nd3 {[%emt 0:00:30]} Qb6 {[%emt 0:00:43]} 37. Bd1 {[%emt 0:00:42]} Rd8 {[%emt 0:00:16]} 38. Qe1 {[%emt 0:01:29]} Bd4 {[%emt 0:00:38]} 39. Bf3 {[%emt 0:00:42]} Qxb3 {[%emt 0:00:28]} 40. Bxd5 {[%emt 0:00:00]} Qxd5 {[%emt 0:00:00]} 41. Ne5 {[%emt 0:05:07]} Bxe5 {[%emt 0:00:37]} 42. fxe5 {[%emt 0:03:24]} Qd4 {[%emt 0:00:06]} 43. Qxa5 {[%emt 0:03:03]} Rd5 {[%emt 0:00:27]} 1/2-1/2

[Event "3rd Memorial Warakomska 2019"]
[Site "Suwalki"]
[Date "2019.08.09"]
[Round "6.34"]
[White "Sernecki, Franciszek"]
[Black "Maj, Pawel"]
[Result "1-0"]
[WhiteElo "2275"]
[BlackElo "2127"]
[Annotator "NA"]
[PlyCount "101"]
[EventDate "2019.08.05"]
[EventType "swiss"]
[EventCountry "POL"]
[SourceTitle "playchess.com"]
[Source "ChessBase"]
[SourceQuality "1"]
[TimeControl "40/5400+30:1800+30"]

1. e4 {[%emt 0:00:00]} c5 {[%emt 0:00:00]} 2. Nf3 {[%emt 0:00:00]} d6 {[%emt 0:00:00]} 3. d4 {[%emt 0:00:00]} cxd4 {[%emt 0:00:00]} 4. Nxd4 {[%emt 0:00:00]} Nf6 {[%emt 0:00:00]} 5. Nc3 {[%emt 0:00:00]} a6 {[%emt 0:00:00]} 6. g3 {[%emt 0:00:40]} g6 {[%emt 0:01:22]} 7. Bg2 {[%emt 0:01:31]} Bg7 {[%emt 0:00:04]} 8. O-O {[%emt 0:01:03]} O-O {[%emt 0:00:03]} 9. Re1 {[%emt 0:08:20]} Bd7 {[%emt 0:03:15]} 10. Nd5 {[%emt 0:21:30]} Nc6 {[%emt 0:02:08]} 11. Nxc6 {[%emt 0:01:26]} bxc6 {[%emt 0:04:41]} 12. Nxf6+ {[%emt 0:02:55]} Bxf6 {[%emt 0:00:08]} 13. c3 {[%emt 0:04:53]} Rb8 {[%emt 0:03:54]} 14. Qc2 {[%emt 0:06:08]} Qb6 {[%emt 0:03:14]} 15. b3 {[%emt 0:03:48]} Qc5 {[%emt 0:06:50]} 16. Bd2 {[%emt 0:10:20]} Bd4 {[%emt 0:14:55]} 17. Rf1 {[%emt 0:02:54]} Bg7 {[%emt 0:02:33]} 18. Qd3 {[%emt 0:06:06]} a5 {[%emt 0:04:42]} 19. Rac1 {[%emt 0:01:30]} Qa7 {[%emt 0:02:56]} 20. Kh1 {[%emt 0:03:47]} c5 {[%emt 0:03:26]} 21. Qe3 {[%emt 0:01:30]} Bc6 {[%emt 0:04:29]} 22. f4 {[%emt 0:03:04]} Qb7 {[%emt 0:05:41]} 23. f5 {[%emt 0:02:50]} gxf5 {[%emt 0:06:59]} 24. Rxf5 {[%emt 0:00:32]} e6 {[%emt 0:00:08]} 25. Rf2 {[%emt 0:01:24]} Kh8 {[%emt 0:04:16]} 26. Rcf1 {[%emt 0:02:50]} f5 {[%emt 0:04:29]} 27. exf5 {[%emt 0:03:25]} Rxf5 {[%emt 0:00:06]} 28. Bxc6 {[%emt 0:01:09]} Qxc6+ {[%emt 0:00:05]} 29. Kg1 {[%emt 0:00:07]} Rxf2 {[%emt 0:01:58]} 30. Rxf2 {[%emt 0:00:16]} Qd5 {[%emt 0:04:46]} 31. Re2 {[%emt 0:04:38]} Re8 {[%emt 0:06:44]} 32. c4 {[%emt 0:02:28]} Qa8 {[%emt 0:02:16]} 33. Bc3 {[%emt 0:00:24]} Bxc3 {[%emt 0:01:30]} 34. Qxc3+ {[%emt 0:00:01]} e5 {[%emt 0:00:08]} 35. Rf2 {[%emt 0:01:52]} Qe4 {[%emt 0:03:41]} 36. Qxa5 {[%emt 0:01:42]} Qd4 {[%emt 0:00:56]} 37. Qd2 {[%emt 0:01:04]} e4 {[%emt 0:00:25]} 38. Qh6 {[%emt 0:01:03]} Kg8 {[%emt 0:02:20]} 39. Qg5+ {[%emt 0:00:49]} Kh8 {[%emt 0:00:42]} 40. Qf6+ {[%emt 0:00:00]} Qxf6 {[%emt 0:00:00]} 41. Rxf6 {[%emt 0:00:35]} e3 {[%emt 0:01:49]} 42. Kf1 {[%emt 0:04:15]} Ra8 {[%emt 0:00:36]} 43. Ke2 {[%emt 0:09:23]} Rxa2+ {[%emt 0:00:07]} 44. Kxe3 {[%emt 0:00:03]} Ra6 {[%emt 0:05:19]} 45. Re6 {[%emt 0:00:56]} Rb6 {[%emt 0:02:26]} 46. Ke4 {[%emt 0:01:05]} Kg7 {[%emt 0:00:40]} 47. Kd5 {[%emt 0:01:53]} h5 {[%emt 0:04:12]} 48. Rxd6 {[%emt 0:03:15]} Rxb3 {[%emt 0:01:01]} 49. Kxc5 {[%emt 0:00:35]} Rb2 {[%emt 0:00:14]} 50. h4 {[%emt 0:00:48]} Rb3 {[%emt 0:02:13]} 51. Rd5 {[%emt 0:00:21]} 1-0

[Event "3rd Memorial Warakomska 2019"]
[Site "Suwalki"]
[Date "2019.08.09"]
[Round "6.35"]
[White "Szadkowski, Kamil"]
[Black "Lis, Mateusz"]
[Result "1-0"]
[WhiteElo "2245"]
[BlackElo "2007"]
[Annotator "NA"]
[PlyCount "45"]
[EventDate "2019.08.05"]
[EventType "swiss"]
[EventCountry "POL"]
[SourceTitle "playchess.com"]
[Source "ChessBase"]
[SourceQuality "1"]
[TimeControl "40/5400+30:1800+30"]

1. e4 {[%emt 0:00:00]} c5 {[%emt 0:00:00]} 2. Nf3 {[%emt 0:00:00]} e6 {[%emt 0:00:00]} 3. d4 {[%emt 0:00:00]} cxd4 {[%emt 0:00:00]} 4. Nxd4 {[%emt 0:00:00]} Nc6 {[%emt 0:00:00]} 5. Nc3 {[%emt 0:01:16]} Qc7 {[%emt 0:00:00]} 6. Be3 {[%emt 0:01:52]} a6 {[%emt 0:00:08]} 7. Qd2 {[%emt 0:01:55]} Nf6 {[%emt 0:00:07]} 8. f3 {[%emt 0:02:51]} Ne5 {[%emt 0:06:47]} 9. O-O-O {[%emt 0:05:31]} Bb4 {[%emt 0:03:49]} 10. Nb3 {[%emt 0:00:36]} b5 {[%emt 0:00:36]} 11. Qe1 {[%emt 0:00:20]} Rb8 {[%emt 0:00:23]} 12. a3 {[%emt 0:20:01]} Be7 {[%emt 0:10:46]} 13. f4 {[%emt 0:01:35]} Nc4 {[%emt 0:02:07]} 14. e5 {[%emt 0:00:36]} Ng4 {[%emt 0:03:05]} 15. Bd4 {[%emt 0:01:01]} Nh6 {[%emt 0:01:29]} 16. Bd3 {[%emt 0:01:22]} a5 {[%emt 0:16:54]} 17. Nxb5 {[%emt 0:22:59]} Rxb5 {[%emt 0:02:43]} 18. Qc3 {[%emt 0:00:31]} Qb8 {[%emt 0:20:21]} 19. Bxc4 {[%emt 0:06:35]} Rb7 {[%emt 0:00:30]} 20. Nxa5 {[%emt 0:00:30]} Rc7 {[%emt 0:00:48]} 21. Qb3 {[%emt 0:01:09]} Qa8 {[%emt 0:17:10]} 22. Qc3 {[%emt 0:03:40]} Nf5 {[%emt 0:00:33]} 23. Bd3 {[%emt 0:05:03]} 1-0

[Event "3rd Memorial Warakomska 2019"]
[Site "Suwalki"]
[Date "2019.08.09"]
[Round "6.36"]
[White "Kiolbasa, Oliwia"]
[Black "Advait, Bagri"]
[Result "1-0"]
[WhiteElo "2239"]
[BlackElo "1968"]
[Annotator "NA"]
[PlyCount "77"]
[EventDate "2019.08.05"]
[EventType "swiss"]
[EventCountry "POL"]
[SourceTitle "playchess.com"]
[Source "ChessBase"]
[SourceQuality "1"]
[TimeControl "40/5400+30:1800+30"]

1. e4 {[%emt 0:00:00]} e5 {[%emt 0:00:00]} 2. Nf3 {[%emt 0:00:11]} Nc6 {[%emt 0:00:02]} 3. Bb5 {[%emt 0:00:07]} a6 {[%emt 0:00:11]} 4. Ba4 {[%emt 0:00:08]} Nf6 {[%emt 0:00:09]} 5. O-O {[%emt 0:00:13]} Be7 {[%emt 0:00:10]} 6. Re1 {[%emt 0:00:16]} b5 {[%emt 0:00:10]} 7. Bb3 {[%emt 0:00:07]} d6 {[%emt 0:00:08]} 8. c3 {[%emt 0:00:08]} O-O {[%emt 0:00:09]} 9. h3 {[%emt 0:00:09]} Na5 {[%emt 0:00:12]} 10. Bc2 {[%emt 0:00:12]} c5 {[%emt 0:00:11]} 11. d4 {[%emt 0:00:11]} Qc7 {[%emt 0:00:09]} 12. d5 {[%emt 0:00:11]} Bd7 {[%emt 0:01:22]} 13. b3 {[%emt 0:00:12]} Rfc8 {[%emt 0:08:05]} 14. Nbd2 {[%emt 0:01:29]} c4 {[%emt 0:00:42]} 15. b4 {[%emt 0:02:15]} Nb7 {[%emt 0:00:10]} 16. a4 {[%emt 0:06:16]} a5 {[%emt 0:01:24]} 17. axb5 {[%emt 0:02:20]} Bxb5 {[%emt 0:05:38]} 18. Rb1 {[%emt 0:05:37]} Nd7 {[%emt 0:10:39]} 19. Nf1 {[%emt 0:00:49]} axb4 {[%emt 0:02:02]} 20. cxb4 {[%emt 0:03:42]} Ra2 {[%emt 0:04:14]} 21. Ne3 {[%emt 0:03:10]} Nb6 {[%emt 0:03:07]} 22. Nh2 {[%emt 0:04:24]} c3 {[%emt 0:07:39]} 23. Qg4 {[%emt 0:04:46]} Ba4 {[%emt 0:14:43]} 24. Bxa4 {[%emt 0:01:10]} Rxa4 {[%emt 0:01:23]} 25. Nf5 {[%emt 0:01:10]} Bf8 {[%emt 0:00:13]} 26. Be3 {[%emt 0:05:59]} Kh8 {[%emt 0:18:40]} 27. Bxb6 {[%emt 0:05:45]} Qxb6 {[%emt 0:00:15]} 28. Nxg7 {[%emt 0:00:21]} Ra2 {[%emt 0:00:11]} 29. Rf1 {[%emt 0:02:50]} Rc4 {[%emt 0:02:20]} 30. Nh5 {[%emt 0:02:21]} Rxf2 {[%emt 0:07:10]} 31. Rxf2 {[%emt 0:01:10]} c2 {[%emt 0:00:07]} 32. Rc1 {[%emt 0:01:25]} Qe3 {[%emt 0:00:08]} 33. Nf1 {[%emt 0:04:57]} Qxc1 {[%emt 0:01:14]} 34. Rxf7 {[%emt 0:00:19]} Qh6 {[%emt 0:00:35]} 35. Nf6 {[%emt 0:00:53]} Qg7 {[%emt 0:00:13]} 36. Rxg7 {[%emt 0:00:42]} Bxg7 {[%emt 0:00:08]} 37. Qf5 {[%emt 0:00:49]} Bxf6 {[%emt 0:01:08]} 38. Qxf6+ {[%emt 0:00:07]} Kg8 {[%emt 0:00:07]} 39. Qg5+ {[%emt 0:00:07]} 1-0

[Event "3rd Memorial Warakomska 2019"]
[Site "Suwalki"]
[Date "2019.08.09"]
[Round "6.37"]
[White "Zaika, Daniil"]
[Black "Mulet, Piotr"]
[Result "1-0"]
[WhiteElo "2216"]
[BlackElo "2244"]
[Annotator "NA"]
[PlyCount "111"]
[EventDate "2019.08.05"]
[EventType "swiss"]
[EventCountry "POL"]
[SourceTitle "playchess.com"]
[Source "ChessBase"]
[SourceQuality "1"]
[TimeControl "40/5400+30:1800+30"]

1. d4 {[%emt 0:00:00]} Nf6 {[%emt 0:00:31]} 2. c4 {[%emt 0:00:00]} g6 {[%emt 0:00:05]} 3. g3 {[%emt 0:00:00]} Bg7 {[%emt 0:00:33]} 4. Bg2 {[%emt 0:00:07]} d5 {[%emt 0:00:07]} 5. cxd5 {[%emt 0:00:09]} Nxd5 {[%emt 0:00:08]} 6. Nf3 {[%emt 0:00:08]} O-O {[%emt 0:00:38]} 7. O-O {[%emt 0:00:30]} c5 {[%emt 0:00:48]} 8. e4 {[%emt 0:13:42]} Nf6 {[%emt 0:01:26]} 9. e5 {[%emt 0:14:11]} Nd5 {[%emt 0:01:07]} 10. Nc3 {[%emt 0:02:33]} cxd4 {[%emt 0:06:13]} 11. Qxd4 {[%emt 0:01:57]} Nxc3 {[%emt 0:00:36]} 12. Qxc3 {[%emt 0:00:05]} Nc6 {[%emt 0:00:09]} 13. Bf4 {[%emt 0:07:56]} Qb6 {[%emt 0:01:46]} 14. Be3 {[%emt 0:08:13]} Qa6 {[%emt 0:05:12]} 15. Rfe1 {[%emt 0:04:22]} Bg4 {[%emt 0:02:17]} 16. Bc5 {[%emt 0:05:00]} Rac8 {[%emt 0:10:01]} 17. Qa3 {[%emt 0:05:41]} Qxa3 {[%emt 0:02:38]} 18. Bxa3 {[%emt 0:00:07]} b5 {[%emt 0:04:49]} 19. b3 {[%emt 0:13:40]} Rfd8 {[%emt 0:29:03]} 20. Ng5 {[%emt 0:04:01]} b4 {[%emt 0:04:02]} 21. Bxc6 {[%emt 0:01:45]} bxa3 {[%emt 0:00:12]} 22. Bf3 {[%emt 0:00:06]} Bxf3 {[%emt 0:01:58]} 23. Nxf3 {[%emt 0:00:03]} Rd3 {[%emt 0:02:17]} 24. Kg2 {[%emt 0:01:41]} Rcc3 {[%emt 0:04:11]} 25. Ng5 {[%emt 0:02:50]} Rc2 {[%emt 0:01:24]} 26. Rec1 {[%emt 0:12:07]} Rdd2 {[%emt 0:02:55]} 27. Rxc2 {[%emt 0:00:03]} Rxc2 {[%emt 0:00:06]} 28. Rd1 {[%emt 0:00:01]} Bxe5 {[%emt 0:00:40]} 29. Nf3 {[%emt 0:00:02]} Bc3 {[%emt 0:01:05]} 30. Rd8+ {[%emt 0:00:16]} Kg7 {[%emt 0:00:16]} 31. Rc8 {[%emt 0:00:24]} Rc1 {[%emt 0:02:11]} 32. Nd4 {[%emt 0:01:45]} Bb2 {[%emt 0:00:29]} 33. Rxc1 {[%emt 0:00:06]} Bxc1 {[%emt 0:00:05]} 34. Nc6 {[%emt 0:00:10]} Kf6 {[%emt 0:00:25]} 35. Kf3 {[%emt 0:00:21]} a6 {[%emt 0:02:13]} 36. Ke2 {[%emt 0:00:19]} Bb2 {[%emt 0:03:13]} 37. Kd3 {[%emt 0:00:36]} h5 {[%emt 0:00:12]} 38. Nb4 {[%emt 0:02:22]} Kg5 {[%emt 0:01:43]} 39. f3 {[%emt 0:00:42]} h4 {[%emt 0:00:46]} 40. Nxa6 {[%emt 0:00:00]} h3 {[%emt 0:00:00]} 41. b4 {[%emt 0:00:52]} Kf5 {[%emt 0:01:18]} 42. b5 {[%emt 0:04:59]} Be5 {[%emt 0:00:04]} 43. f4 {[%emt 0:08:18]} Bd6 {[%emt 0:00:03]} 44. b6 {[%emt 0:00:19]} e5 {[%emt 0:08:36]} 45. fxe5 {[%emt 0:03:28]} Bxe5 {[%emt 0:00:07]} 46. b7 {[%emt 0:00:04]} Bxg3 {[%emt 0:00:14]} 47. hxg3 {[%emt 0:00:10]} h2 {[%emt 0:00:06]} 48. b8=Q {[%emt 0:00:12]} h1=Q {[%emt 0:00:06]} 49. Qf4+ {[%emt 0:00:26]} Ke6 {[%emt 0:00:12]} 50. Qe4+ {[%emt 0:00:05]} Qxe4+ {[%emt 0:00:42]} 51. Kxe4 {[%emt 0:00:04]} f5+ {[%emt 0:00:22]} 52. Kf4 {[%emt 0:00:58]} Kf6 {[%emt 0:00:08]} 53. Nb4 {[%emt 0:01:53]} g5+ {[%emt 0:00:06]} 54. Kf3 {[%emt 0:00:08]} Ke5 {[%emt 0:00:03]} 55. Nc2 {[%emt 0:00:19]} f4 {[%emt 0:01:18]} 56. g4 {[%emt 0:00:14]} 1-0

[Event "3rd Memorial Warakomska 2019"]
[Site "Suwalki"]
[Date "2019.08.09"]
[Round "6.38"]
[White "Jankowiak, Tomasz"]
[Black "Kubicka, Anna"]
[Result "1/2-1/2"]
[WhiteElo "2104"]
[BlackElo "2202"]
[Annotator "NA"]
[PlyCount "254"]
[EventDate "2019.08.05"]
[EventType "swiss"]
[EventCountry "POL"]
[SourceTitle "playchess.com"]
[Source "ChessBase"]
[SourceQuality "1"]
[TimeControl "40/5400+30:1800+30"]

1. e4 {[%emt 0:00:00]} c5 {[%emt 0:00:00]} 2. Nf3 {[%emt 0:00:00]} d6 {[%emt 0:00:00]} 3. Bb5+ {[%emt 0:00:00]} Nd7 {[%emt 0:00:01]} 4. d4 {[%emt 0:00:00]} cxd4 {[%emt 0:00:05]} 5. Qxd4 {[%emt 0:00:00]} a6 {[%emt 0:00:06]} 6. Bxd7+ {[%emt 0:00:00]} Bxd7 {[%emt 0:00:05]} 7. O-O {[%emt 0:00:05]} Rc8 {[%emt 0:00:05]} 8. Nc3 {[%emt 0:00:20]} e5 {[%emt 0:00:17]} 9. Qd3 {[%emt 0:00:10]} Be7 {[%emt 0:00:30]} 10. h3 {[%emt 0:19:02]} h6 {[%emt 0:00:05]} 11. Nd2 {[%emt 0:01:05]} Qc7 {[%emt 0:01:13]} 12. Rd1 {[%emt 0:02:29]} Nf6 {[%emt 0:00:45]} 13. a4 {[%emt 0:00:06]} O-O {[%emt 0:00:19]} 14. Nf1 {[%emt 0:00:18]} Be6 {[%emt 0:06:34]} 15. Ne3 {[%emt 0:02:13]} Qc5 {[%emt 0:00:37]} 16. Qe2 {[%emt 0:02:21]} Bd8 {[%emt 0:05:54]} 17. Qf3 {[%emt 0:05:46]} Re8 {[%emt 0:20:43]} 18. Nf5 {[%emt 0:11:01]} Bxf5 {[%emt 0:09:39]} 19. Qxf5 {[%emt 0:02:02]} Re6 {[%emt 0:03:33]} 20. Rd3 {[%emt 0:19:07]} g6 {[%emt 0:24:55]} 21. Rg3 {[%emt 0:05:44]} Nh7 {[%emt 0:04:21]} 22. Bxh6 {[%emt 0:11:07]} Bh4 {[%emt 0:02:52]} 23. Rg4 {[%emt 0:01:40]} Rf6 {[%emt 0:02:29]} 24. Be3 {[%emt 0:00:27]} Rxf5 {[%emt 0:04:16]} 25. Bxc5 {[%emt 0:00:11]} Rh5 {[%emt 0:00:13]} 26. Bxd6 {[%emt 0:06:10]} Nf6 {[%emt 0:01:10]} 27. Rxh4 {[%emt 0:06:50]} Rxh4 {[%emt 0:00:13]} 28. Be7 {[%emt 0:00:05]} Kg7 {[%emt 0:01:22]} 29. Nd5 {[%emt 0:00:11]} Nxd5 {[%emt 0:00:07]} 30. Bxh4 {[%emt 0:00:26]} Nf4 {[%emt 0:01:09]} 31. c3 {[%emt 0:00:28]} Nd3 {[%emt 0:00:57]} 32. Rb1 {[%emt 0:01:16]} Rc4 {[%emt 0:00:15]} 33. f3 {[%emt 0:01:08]} Rxa4 {[%emt 0:00:36]} 34. b3 {[%emt 0:01:33]} Ra2 {[%emt 0:00:31]} 35. Bg3 {[%emt 0:00:58]} Rc2 {[%emt 0:00:29]} 36. c4 {[%emt 0:00:53]} Kf6 {[%emt 0:00:13]} 37. Rd1 {[%emt 0:01:27]} Rc3 {[%emt 0:00:08]} 38. b4 {[%emt 0:00:11]} Ke6 {[%emt 0:03:47]} 39. b5 {[%emt 0:00:57]} axb5 {[%emt 0:02:38]} 40. cxb5 {[%emt 0:00:00]} Rb3 {[%emt 0:00:00]} 41. Kf1 {[%emt 0:04:22]} f6 {[%emt 0:06:54]} 42. Ke2 {[%emt 0:01:31]} Nc5 {[%emt 0:01:34]} 43. Bf2 {[%emt 0:03:42]} Na4 {[%emt 0:03:16]} 44. Ra1 {[%emt 0:01:08]} Nc3+ {[%emt 0:01:29]} 45. Kf1 {[%emt 0:05:02]} Nxb5 {[%emt 0:00:50]} 46. Ra8 {[%emt 0:01:07]} Rb1+ {[%emt 0:00:31]} 47. Ke2 {[%emt 0:01:15]} Rb2+ {[%emt 0:00:31]} 48. Kf1 {[%emt 0:00:17]} Nc3 {[%emt 0:04:23]} 49. g3 {[%emt 0:01:39]} Rb1+ {[%emt 0:02:01]} 50. Kg2 {[%emt 0:00:16]} Nd1 {[%emt 0:01:15]} 51. Bg1 {[%emt 0:00:13]} Rb2+ {[%emt 0:00:12]} 52. Kf1 {[%emt 0:00:22]} Nc3 {[%emt 0:00:27]} 53. h4 {[%emt 0:01:35]} Ne2 {[%emt 0:09:14]} 54. Bf2 {[%emt 0:00:31]} Nc1 {[%emt 0:01:06]} 55. Re8+ {[%emt 0:01:45]} Kf7 {[%emt 0:00:03]} 56. Rc8 {[%emt 0:00:26]} Nd3 {[%emt 0:05:45]} 57. Be3 {[%emt 0:00:25]} Rb3 {[%emt 0:02:04]} 58. Ke2 {[%emt 0:01:39]} Nb2 {[%emt 0:00:50]} 59. Rc7+ {[%emt 0:00:15]} Ke6 {[%emt 0:01:44]} 60. g4 {[%emt 0:04:45]} Na4 {[%emt 0:00:43]} 61. h5 {[%emt 0:01:06]} gxh5 {[%emt 0:00:03]} 62. gxh5 {[%emt 0:00:04]} Nc3+ {[%emt 0:00:56]} 63. Kd2 {[%emt 0:00:53]} Nb1+ {[%emt 0:00:32]} 64. Ke2 {[%emt 0:01:31]} Nc3+ {[%emt 0:00:03]} 65. Kf1 {[%emt 0:06:56]} Nb5 {[%emt 0:00:26]} 66. Rxb7 {[%emt 0:01:34]} Rxe3 {[%emt 0:00:04]} 67. h6 {[%emt 0:00:46]} Rxf3+ {[%emt 0:00:59]} 68. Kg2 {[%emt 0:00:03]} Rf4 {[%emt 0:00:07]} 69. h7 {[%emt 0:00:39]} Rh4 {[%emt 0:00:46]} 70. Rxb5 {[%emt 0:00:11]} Rxh7 {[%emt 0:00:07]} 71. Rb6+ {[%emt 0:00:13]} Kf7 {[%emt 0:00:03]} 72. Kg3 {[%emt 0:00:45]} Kg6 {[%emt 0:00:18]} 73. Ra6 {[%emt 0:00:27]} Rb7 {[%emt 0:00:05]} 74. Ra3 {[%emt 0:00:37]} Rb4 {[%emt 0:00:24]} 75. Kf3 {[%emt 0:00:09]} Kg5 {[%emt 0:00:03]} 76. Rc3 {[%emt 0:00:13]} Rb1 {[%emt 0:00:10]} 77. Rc8 {[%emt 0:00:18]} Rb3+ {[%emt 0:00:04]} 78. Ke2 {[%emt 0:00:58]} Kf4 {[%emt 0:00:06]} 79. Rc6 {[%emt 0:00:02]} Kxe4 {[%emt 0:00:28]} 80. Rxf6 {[%emt 0:00:04]} Rb2+ {[%emt 0:00:01]} 81. Kf1 {[%emt 0:01:03]} Ke3 {[%emt 0:00:23]} 82. Ra6 {[%emt 0:00:47]} Rb1+ {[%emt 0:00:24]} 83. Kg2 {[%emt 0:00:09]} Rd1 {[%emt 0:00:24]} 84. Ra3+ {[%emt 0:00:37]} Rd3 {[%emt 0:00:11]} 85. Ra1 {[%emt 0:00:07]} Rd2+ {[%emt 0:01:12]} 86. Kf1 {[%emt 0:00:16]} e4 {[%emt 0:00:59]} 87. Ke1 {[%emt 0:00:41]} Rb2 {[%emt 0:02:35]} 88. Ra3+ {[%emt 0:00:08]} Kf4 {[%emt 0:00:06]} 89. Rc3 {[%emt 0:00:09]} Ra2 {[%emt 0:00:30]} 90. Rb3 {[%emt 0:00:04]} Ra1+ {[%emt 0:00:05]} 91. Ke2 {[%emt 0:00:05]} Rh1 {[%emt 0:00:20]} 92. Ra3 {[%emt 0:00:06]} Rh2+ {[%emt 0:00:27]} 93. Ke1 {[%emt 0:00:04]} Rc2 {[%emt 0:00:09]} 94. Rb3 {[%emt 0:00:05]} Ke5 {[%emt 0:00:05]} 95. Ra3 {[%emt 0:00:12]} Rb2 {[%emt 0:00:11]} 96. Rc3 {[%emt 0:00:11]} Kd4 {[%emt 0:00:30]} 97. Rh3 {[%emt 0:00:05]} Rc2 {[%emt 0:00:36]} 98. Rg3 {[%emt 0:00:04]} Rc5 {[%emt 0:01:21]} 99. Ke2 {[%emt 0:00:11]} Ra5 {[%emt 0:00:15]} 100. Rh3 {[%emt 0:00:05]} Ra2+ {[%emt 0:00:09]} 101. Ke1 {[%emt 0:00:04]} Kc4 {[%emt 0:02:02]} 102. Rg3 {[%emt 0:00:08]} Ra5 {[%emt 0:00:40]} 103. Ke2 {[%emt 0:00:07]} Kd4 {[%emt 0:01:04]} 104. Rh3 {[%emt 0:00:07]} Ra6 {[%emt 0:00:08]} 105. Rg3 {[%emt 0:00:06]} Rh6 {[%emt 0:00:47]} 106. Ra3 {[%emt 0:00:06]} Rh2+ {[%emt 0:00:17]} 107. Ke1 {[%emt 0:00:04]} Ke5 {[%emt 0:00:27]} 108. Rb3 {[%emt 0:00:06]} Kf4 {[%emt 0:00:02]} 109. Ra3 {[%emt 0:00:04]} Rg2 {[%emt 0:00:17]} 110. Rb3 {[%emt 0:00:06]} Rg5 {[%emt 0:03:06]} 111. Ra3 {[%emt 0:00:05]} Rb5 {[%emt 0:00:24]} 112. Rc3 {[%emt 0:00:06]} Rf5 {[%emt 0:00:32]} 113. Ke2 {[%emt 0:00:09]} Kg4 {[%emt 0:00:25]} 114. Ra3 {[%emt 0:00:26]} Rh5 {[%emt 0:00:26]} 115. Rb3 {[%emt 0:00:12]} Rh2+ {[%emt 0:00:06]} 116. Ke1 {[%emt 0:00:04]} Rg2 {[%emt 0:00:20]} 117. Ra3 {[%emt 0:00:15]} Rg3 {[%emt 0:00:12]} 118. Rxg3+ {[%emt 0:00:16]} Kxg3 {[%emt 0:00:03]} 119. Ke2 {[%emt 0:00:06]} Kf4 {[%emt 0:00:04]} 120. Kf2 {[%emt 0:00:03]} e3+ {[%emt 0:00:03]} 121. Ke2 {[%emt 0:00:04]} Ke4 {[%emt 0:00:13]} 122. Ke1 {[%emt 0:00:07]} Kf3 {[%emt 0:00:05]} 123. Kf1 {[%emt 0:00:02]} Kg4 {[%emt 0:00:09]} 124. Ke2 {[%emt 0:00:05]} Kf4 {[%emt 0:00:02]} 125. Ke1 {[%emt 0:00:03]} Kf3 {[%emt 0:00:04]} 126. Kf1 {[%emt 0:00:03]} e2+ {[%emt 0:00:03]} 127. Ke1 {[%emt 0:00:03]} Ke3 {[%emt 0:00:04]} 1/2-1/2